Libro-guía para el cuarto año de educación general básica.

সংরক্ষণ করুন:
গ্রন্থ-পঞ্জীর বিবরন
প্রধান লেখক: Clerc M., Teresa [et al.], (autor)
বিন্যাস: গ্রন্থ
ভাষা:স্প্যানিশ
মালা:(El árbol alegre)
বিষয়গুলি:
ট্যাগগুলো: ট্যাগ যুক্ত করুন
কোনো ট্যাগ নেই, প্রথমজন হিসাবে ট্যাগ করুন!

MARC

LEADER 00000nam^a2200000^u^4500
001 000510809
005 20250521000000.0
008 100129s1000^^^^^^^^^^^^r^^^^^000^0^spa^d
009 20260310130133.451
035 |a FCE 000055019 
037 |a Acervo ITESO - Biblioteca 
041 |a spa 
082 0 4 |a 372.19  |b L5 4-A CHI 
100 |a Clerc M., Teresa  |e [et al.]  |e (autor) 
245 1 0 |a Libro-guía para el cuarto año de educación general básica. 
264 |a Chile:  |b Santillana: Ediciones Educativas,  |c 1969. 
300 |a 239 p. 
336 |a texto  |b txt  |2 rdacontenido 
337 |a sin mediación  |b n  |2 rdamedio 
338 |a volumen  |b nc  |2 rdasoporte 
440 1 |a (El árbol alegre) 
649 |a XX 
650 |a Material didáctico 
650 |a Guía del docente 
650 |a Educación primaria 
650 |a Materias 
650 |a Chile 
910 |a Fondo Centro de Estudios Educativos 
920 |a Impresos - Libros 
930 |a Fondos Especiales 
905 |a 133 
901 |a ALE068114  |b IT2  |c CEE  |u 20250521 
902 |a https://opac.biblio.iteso.mx/vufind/Record/000510809